000
00197 a2200097 4500
001
8157
100
_a
Brodie, B
245
_a
Guide to naval strategy
260
_a
_b
P U P
_c
090
_c
6548
_d
6548
942
_a
NUST-CAE
_c
M
_c
33098
999
_c
243230
_d
243230